| 000 -ლიდერი |
| ფიქსირებული სიგრძის საკონტროლო ველი |
00880nam a2200217Ia 4500 |
| 001 - საკონტროლო ნომერი |
| საკონტროლო ველი |
3515 |
| 003 - საკონტროლო ნომრის იდენტიფიკატორი |
| საკონტროლო ველი |
GE_BSU |
| 005 - ბოლო ოპერაციის თარიღი და დრო |
| საკონტროლო ველი |
20190528190017.0 |
| 008 - ფიქსირებული სიგრძის მონაცემთა ელემენტები - ზოგადი ინფორმაცია |
| ფიქსირებული სიგრძის საკონტროლო ველი |
181216s1948|||| |||||||||||||| ||geo|| |
| 040 ## - კატალოგიზაციის წყარო |
| Transcribing agency |
GE_BSU |
| 041 ## - ენის კოდი |
| Language code of text/sound track or separate title |
geo |
| 080 ## - უნივერსალური ათობითი კლასიფიკაციის ინდექსი |
| Universal Decimal Classification number |
54(076.5) გ-44 |
| 100 ## - მთავარი ჩანაწერი - პიროვნების სახელი |
| Personal name |
გვარამაძე, დ. |
| 9 (RLIN) |
1766 |
| 245 ## - ცნობა სათაურის შესახებ |
| Title |
ზოგადი ქიმიის ლაბორატორიული და პრეპარატული პრაქტიკუმი / |
| Statement of responsibility, etc |
დ. გვარამაძე ; რედ : რ. ნიკოლაძე. |
| 264 ## - წარმოების, გამოცემის, დისტრიბუციის და სხვა ცნობები |
| გამოცემის, წარმოების, დისტრიბუციის... ადგილი |
თბილისი : |
| გამოცემის, წარმოების, დისტრიბუციის... სახელწოდება |
ტექნიკა და შრომა, |
| გამოცემის, წარმოების, დისტრიბუციის... თარიღი |
1948. |
| 300 ## - ფიზიკური აღწერა |
| Extent |
354 გვ .: |
| Dimensions |
24 სმ. |
| 653 ## - INDEX TERM--UNCONTROLLED |
| Uncontrolled term |
ზოგადი ქიმია |
| 653 ## - INDEX TERM--UNCONTROLLED |
| Uncontrolled term |
ქიმია |
| 700 ## - ADDED ENTRY--PERSONAL NAME |
| Personal name |
ნიკოლაძე, რ |
| Relator term |
რედაქტორი |
| 9 (RLIN) |
1767 |
| 942 ## - ADDED ENTRY ELEMENTS (KOHA) |
| Koha item type |
წიგნი |
| Source of classification or shelving scheme |
|